Mathematics of investment (A Simplified Approach) / (Record no. 2098)
[ view plain ]
| 000 -LEADER | |
|---|---|
| fixed length control field | 00767nam a22002417a 4500 |
| 003 - CONTROL NUMBER IDENTIFIER | |
| control field | URS |
| 005 - DATE AND TIME OF LATEST TRANSACTION | |
| control field | 20250701094201.0 |
| 008 - FIXED-LENGTH DATA ELEMENTS--GENERAL INFORMATION | |
| fixed length control field | 190515s1990 ph a||a| |||| 00| 0 eng d |
| 020 ## - INTERNATIONAL STANDARD BOOK NUMBER | |
| International Standard Book Number | 9710847945 |
| 040 ## - CATALOGING SOURCE | |
| Transcribing agency | URS |
| Language of cataloging | English |
| Modifying agency | rda |
| 050 14 - LIBRARY OF CONGRESS CALL NUMBER | |
| Classification number | HE5691 |
| Item number | .C2447 1990 |
| 100 ## - MAIN ENTRY--PERSONAL NAME | |
| Personal name | Capitulo, Florante M., |
| Relator term | author. |
| 245 10 - TITLE STATEMENT | |
| Title | Mathematics of investment (A Simplified Approach) / |
| Statement of responsibility, etc | Florante M. Capitulo and Carmelita U. Cruz. |
| 250 ## - EDITION STATEMENT | |
| Edition statement | Second Edition. |
| 264 ## - PUBLICATION, DISTRIBUTION, ETC. (IMPRINT) | |
| Place of publication, distribution, etc | Pasig City: |
| Name of publisher, distributor, etc | Capitol Publishing; |
| Date of publication, distribution, etc | ©1990. |
| 300 ## - PHYSICAL DESCRIPTION | |
| Extent | v, 312 pages : |
| Other physical details | Illustrations ; |
| Dimensions | 23 cm. |
| 336 ## - CONTENT TYPE | |
| Source | text |
| Content type term | txt |
| Content type code | rdacontent |
| 337 ## - MEDIA TYPE | |
| Source | unmediated |
| Media type term | n |
| Media type code | rdamedia |
| 338 ## - CARRIER TYPE | |
| Source | volume |
| Carrier type term | nc |
| Carrier type code | rdacarrier |
| 650 ## - SUBJECT ADDED ENTRY--TOPICAL TERM | |
| Topical term or geographic name as entry element | Investment |
| 700 ## - ADDED ENTRY--PERSONAL NAME | |
| Personal name | Cruz, Carmelita U., |
| Relator term | author. |
| 942 ## - ADDED ENTRY ELEMENTS (KOHA) | |
| Source of classification or shelving scheme | Library of Congress Classification |
| Koha item type | Filipiniana |
| Withdrawn status | Lost status | Source of classification or shelving scheme | Damaged status | Not for loan | Collection code | Home library | Current library | Shelving location | Date acquired | Total Checkouts | Full call number | Barcode | Date last seen | Price effective from | Koha item type | Copy number | Date checked out | Source of acquisition |
|---|---|---|---|---|---|---|---|---|---|---|---|---|---|---|---|---|---|---|
| Library of Congress Classification | Non-fiction | Cainta College Library | Cainta College Library | On Display | 04/20/2017 | HE 5691.C2447 1990 | URSCAI-2087 | 04/20/2017 | 04/20/2017 | Filipiniana | ||||||||
| Library of Congress Classification | Non-fiction | Cainta College Library | Cainta College Library | On Display | 04/20/2017 | HE 5691.C2447 1990 | URSCAI-2977 | 04/20/2017 | 04/20/2017 | Filipiniana | ||||||||
| Library of Congress Classification | Non-fiction | Pililla College Library | Pililla College Library | General Stacks | 06/06/2017 | 510 C172 1990 | URSPIL-999 | 07/19/2018 | 06/06/2017 | Filipiniana | 1 | |||||||
| Library of Congress Classification | Non-fiction | Pililla College Library | Pililla College Library | General Stacks | 06/06/2017 | 510 C172 1990 | URSPIL-1000 | 07/19/2018 | 06/06/2017 | Filipiniana | 2 | |||||||
| Library of Congress Classification | Non-fiction | Pililla College Library | Pililla College Library | General Stacks | 06/06/2017 | 510 C172 1990 | URSPIL-1001 | 07/19/2018 | 06/06/2017 | Filipiniana | 3 | |||||||
| Library of Congress Classification | Non-fiction | Pililla College Library | Pililla College Library | General Stacks | 06/06/2017 | 1 | 510 C172 1990 | URSPIL-1002 | 09/26/2018 | 06/06/2017 | Filipiniana | 4 | 09/18/2018 | |||||
| Library of Congress Classification | Non-fiction | Taytay College Library | Taytay College Library | Filipiniana Section | 07/20/1998 | HG4539 .C172 1983 | URSTAY-683 | 07/01/2025 | Filipiniana | 1 | Donation |